| 000 | 01344cab a2200253 4500 | ||
|---|---|---|---|
| 001 | ABS68793 | ||
| 008 | 050329n2005 000 0 eng u | ||
| 035 | _a(Sirsi) u129197 | ||
| 100 | _aTee, A. | ||
| 245 | _aCurrent trends in building defects relating to the fabric of a building, its cladding and structure | ||
| 260 | _c2005 | ||
| 490 |
_aJournal of Building Appraisal _v1(1) February 2005, 81-92(12) |
||
| 520 | _aUpdates many commonly known and established building defects where there may be a new view or revised thinking. Includes an update on new construction and the particular defects that may occur, mainly with commercial property, in a summary of topical issues. Includes steel-frame corrosion, composite cladding, multi-storey car-parks and concrete problems. Concludes that although the quality of building construction has improved since the 1960s and early 1970s, modern buildings are rarely defect free. Stresses that keeping moisture out of building fabric can greatly reduce the number of defects. | ||
| 590 | _aABS | ||
| 650 | _aCLADDING | ||
| 650 | _aMULTI-STOREY CAR PARKS | ||
| 650 | _aSTEEL CORROSION | ||
| 650 | _aCONCRETE DEFECTS | ||
| 650 | _aSTEEL FRAME BUILDINGS | ||
| 650 | _aCOMMERCIAL BUILDINGS | ||
| 650 | _aBUILDING DEFECTS | ||
| 690 | _aBUILT ENVIRONMENT-BUILDING PATHOLOGY | ||
| 942 | _n0 | ||
| 999 |
_c74995 _d74995 |
||